UM Logo

Automotive technician/ (Record no. 14950)

MARC details
000 -LEADER
fixed length control field 00507nam a22001577a 4500
008 - FIXED-LENGTH DATA ELEMENTS--GENERAL INFORMATION
fixed length control field 200203b ||||| |||| 00| 0 eng d
020 ## - INTERNATIONAL STANDARD BOOK NUMBER
International Standard Book Number 978-1-98463-458-0
082 ## - DEWEY DECIMAL CLASSIFICATION NUMBER
Edition number 2019
Classification number DC 629
Item number Au82
245 ## - TITLE STATEMENT
Title Automotive technician/
260 ## - PUBLICATION, DISTRIBUTION, ETC. (IMPRINT)
Place of publication, distribution, etc. New York:
Name of publisher, distributor, etc. 3G E-Learning,
Date of publication, distribution, etc. ©2019.
300 ## - PHYSICAL DESCRIPTION
Extent 314, pages
Other physical details illustration;
Dimensions 23 cm.
500 ## - GENERAL NOTE
General note Includes references and index.
650 ## - SUBJECT ADDED ENTRY--TOPICAL TERM
Topical term or geographic name as entry element Automobiles -- Electric equipment.
9 (RLIN) 30777
651 ## - SUBJECT ADDED ENTRY--GEOGRAPHIC NAME
Geographic name Automobiles -- Electronic equipment.
9 (RLIN) 41500
942 ## - ADDED ENTRY ELEMENTS (KOHA)
Source of classification or shelving scheme Dewey Decimal Classification
Koha item type Circulation
Holdings
Withdrawn status Lost status Source of classification or shelving scheme Damaged status Not for loan Collection code Home library Current library Date acquired Source of acquisition Total Checkouts Full call number Barcode Date last seen Copy number Price effective from Koha item type
    Dewey Decimal Classification     Circulation UM Digos College - LIC UM Digos College - LIC 08/08/2019 Purchased   DC 629 Au82 2019 25532 05/15/2025 1 02/03/2020 Circulation